Регионална библиотека "Любен Каравелов" - Русе

Пророчествата на Ванга (Запис номер 16654)

MARC детайли
000 -Лидер
Контролно поле с фиксирана дължина 02338nam a2200469 c 4500
003 - Код на организацията, давaща контролен номер
Контролно поле BLK
005 - Дата и час на последна редакция
Контролно поле 20230712085801.0
008 - Елементи от данни с фиксирана дължина
fixed length control field 180413b bul|||||r ||||||| ||bul||
010 ## - Наследен системен номер
LC control number KNG00018537000
020 ## - Международен стандартен номер на книга ISBN
Международен стандартен номер на книга ISBN 954-528-074-3
040 ## - Източник на каталожния запис
Идентификатор на билиотеката - собственик на записа BLK
041 ## - Код за език
Код за езика на текст/звукозапис или на отделно заглавие Български
Код за езика КДБФ Български
080 ## - УДК
Текстов определител УДК Парапсихология. Нумерология. - Халюцинации, пророчества, предсказания, магии, демонология, телепатия, спиритизъм, илюзии, нумерология, мошеничество. Вж и 133 ; 398.4 ; 615.851
УДК код - определител по УДК 159.961
УДК определител (497.2)(092)
УДК - код + определител 159.961(497.2)(092)
080 ## - УДК
Текстов определител УДК Вангелия Пандева Гущерова, българска пророчица и лечителка
УДК код - определител по УДК 929 Ванга
УДК - код + определител 929 Ванга
139 ## - Редно поле
Редна дума Пророчествата на Ванга
Авторски знак Ван - В 19
245 10 - Сведения за заглавието
Заглавие Пророчествата на Ванга
Редно поле (дума) състав. Жени Костадинова; Жени Костадинова Цветанова.
Том Т. 1
257 ## - Страна на издаване
Страна на създаване/издаване България
260 ## - Област на издателските данни
Място на издаване, разпространение и проч. София
Име на издателя, разпространителя и проч. Труд
Година на издаване 1997 -
Печатница София : ПК Д. Благоев - 2
Издателство - префикс ISBN 978-954-398- ; 978-954-528-
9 (RLIN) 209481
300 ## - Физическа характеристика
Размери/Мащаб 20 см
380 ## - Жанр
Жанр Философия
500 ## - Общи забележки
Забележка Пълното име на състав. е Жени Костадинова Цветанова.
600 14 - Име на лице, използвано като предмет
За него / За нея Ванга
9 (RLIN) 252838
650 #4 - Допълнително описание по предмет – тема
Основно описание – тема или топоним Парапсихология
9 (RLIN) 165687
650 #4 - Допълнително описание по предмет – тема
Основно описание – тема или топоним Предсказания
9 (RLIN) 167581
650 #4 - Допълнително описание по предмет – тема
Основно описание – тема или топоним Ясновидство
9 (RLIN) 178110
650 #4 - Допълнително описание по предмет – тема
Основно описание – тема или топоним Ванга
9 (RLIN) 252838
651 #4 - Допълнително описание по предмет - топоним
Географско понятие България
9 (RLIN) 241624
653 ## - Ключова дума – ненормативна
Ключова дума Ванга
653 ## - Ключова дума – ненормативна
Ключова дума пророчества
653 ## - Ключова дума – ненормативна
Ключова дума предсказания
653 ## - Ключова дума – ненормативна
Ключова дума ясновидство
700 1# - Други автори (авторска отговорност)
Лично име Костадинова, Жени
Автороска отговорност (Описва отношението между автора и произведението) състав.
Друга информация Цветанова, Жени Костадинова
9 (RLIN) 261294
700 1# - Други автори (авторска отговорност)
Лично име Цветанова, Жени Костадинова
9 (RLIN) 261295
760 1# - Описание на основната серия
Място на издаване, издател и година Труд, 1997
Страници - том 144 с.
Забележка - том Съдържа и Източници на пророчествата. - Библиогр. с. 141.
Заглавие Т. 1
852 ## - Местоположение
Форматна сигнатура Цб 193914
856 4# - Електронен адрес и достъп
Електронен формат pdf - файл
Път до файла /url/
856 4# - Електронен адрес и достъп
Електронен формат pdf - файл
Път до файла /url/
999 ## - СИСТЕМНИ КОНТРОЛНИ НОМЕРА
Koha biblionumber 16654
Koha biblioitemnumber 16654
942 ## - АРТИКУЛИ
Вид на библиотечния материал Книги
Скрит в OPAC Не
Koha issues (borrowed), all copies 11
Периодичен библиозапис Да
944 ## - СЪЗДАВАНЕ И РЕДАКЦИЯ на ЗАПИСА
Създаване/Редакция Създаване
Дата на регистрацията/редакция 15.01.2003
Статус, дата на статуса ф /
Служител, извършил регистрацията/редакцията Диана_Димитрова
944 ## - СЪЗДАВАНЕ И РЕДАКЦИЯ на ЗАПИСА
Създаване/Редакция Редакция
Дата на регистрацията/редакция 19.06.2017
Статус, дата на статуса ф /
Служител, извършил регистрацията/редакцията Людмила_Стоянова
999 ## - СИСТЕМНИ КОНТРОЛНИ НОМЕРА
Koha biblioitemnumber 16654
Наличности
Код за отписване Код за изгубен артикул Източник на класификационната схема Код за повреда Коз за рестрикции Код за отдаване Артикулен № Име на библиотеката - собственик Име на библиотеката, в която се намира в момента Статус (Текущо местоположение) Дата на вписване в системата Местоположение - отдел Цена в лева Инвентарен номер Систематично азбучна сигнатура Баркод Номер на екземпляра Цена в евро Служебна бележка Служебен тип на артикула
  Не е изгубен Universal Decimal Classification Не е повреден без рестрикции ползва се в читалня 28060 Регионална библиотека "Любен Каравелов" Русе Регионална библиотека "Любен Каравелов" Русе Хранилище 1997-01-01 Хранилище 2.00 635204 Цб 193914 120000635204 1 1.02 Дост: Dp Вид: Д N: стар фонд Дата: 01.01.1997 Книги
Изтеглен Не е изгубен Universal Decimal Classification Не е повреден без рестрикции заемане за дома 28061 Регионална библиотека "Любен Каравелов" Русе Регионална библиотека "Любен Каравелов" Русе Заемна - подръчен фонд 1997-01-01 Заемна - подръчен фонд 0.00 634914 П 159.96(092)/В 19 634914 2 0.00 Дост: Pk Вид: Ф N: стар фонд Дата: 01.01.1997 Книги
  Не е изгубен Universal Decimal Classification Не е повреден без рестрикции заемане за дома 28062 Регионална библиотека "Любен Каравелов" Русе Регионална библиотека "Любен Каравелов" Русе Заемна - подръчен фонд 2016-06-21 Заемна - подръчен фонд 9.00 120000801372 П 159.961(092)/В 19 120000801372 3 4.60 Дост: DA Вид: А N: 23 Дата: 21.06.2016 Дата инв: 01.02.2018 Бележки инв: П2018 Книги
  Не е изгубен Universal Decimal Classification Не е повреден   заемане за дома 803282 Регионална библиотека "Любен Каравелов" Русе Регионална библиотека "Любен Каравелов" Русе Заемна - подръчен фонд 2020-10-08 Заемна - подръчен фонд 3.00   159.961(092)/В 19 120000849136   1.53   Книги
Vip Innovations Ltd, Rousse, Bulgaria 2025